Fear has a name #1 [Large Print]/ by Creston ... Read More
Available copies
- 1 of 1 copy available at LARL/NWRL Consortium.
- 1 of 1 copy available at Lake Agassiz Regional Library. (Show)
Current holds
0 current holds with 1 total copy.
Show Only Available Copies
| Location | Call Number / Copy Notes | Barcode | Shelving Location | Status | Due Date |
|---|---|---|---|---|---|
| Crookston Public Library | LARGE PRINT MAP (Text) | 33500011941051 | Main | Available | - |
Record details
- ISBN: 9781410472274 (hardcover)
- ISBN: 1410472272 (hardcover)
- Physical Description: 513 pages (large print) ; 23 cm.
- Edition: Large print edition.
- Publisher: Waterville, Maine : Thorndike Press, 2014.
Content descriptions
| Summary, etc.: | When a stalker targets his family, journalist Jack ... Read More |
Search for related items by subject
| Subject: | Journalists > Fiction. Stalkers > Fiction. Large type books. |
Search for related items by series
| LDR | 01666cam a22004218i 4500 | ||
|---|---|---|---|
| 001 | 173021 | ||
| 003 | LARL_NWRL_CONSORTIUM | ||
| 005 | 20141205102951.0 | ||
| 008 | 140618t20142013meu d 000 1 eng | ||
| 010 | . | ‡a2014024132 | |
| 020 | . | ‡a9781410472274 (hardcover) | |
| 020 | . | ‡a1410472272 (hardcover) | |
| 035 | . | ‡a(OCoLC)881518533 | |
| 040 | . | ‡aDLC ‡beng ‡erda ‡cDLC ‡dOCLCO ‡dBTCTA ‡dOCLCF ‡dYCC | |
| 042 | . | ‡apcc | |
| 050 | 1 | 0. | ‡aPS3613.A63 ‡bF43 2014 |
| 082 | 0 | 0. | ‡a813/.6 ‡223 |
| 100 | 1 | . | ‡aMapes, Creston, ‡d1961- ‡0(LARL_NWRL_CONSORTIUM)194882 |
| 245 | 1 | 0. | ‡aFear has a name ‡n#1 ‡h[Large Print]/ ‡cby Creston Mapes. |
| 250 | . | ‡aLarge print edition. | |
| 260 | . | ‡aWaterville, Maine : ‡bThorndike Press, ‡c2014. | |
| 260 | . | ‡c©2013 | |
| 300 | . | ‡a513 pages (large print) ; ‡c23 cm. | |
| 336 | . | ‡atext ‡btxt ‡2rdacontent | |
| 337 | . | ‡aunmediated ‡bn ‡2rdamedia | |
| 338 | . | ‡avolume ‡bnc ‡2rdacarrier | |
| 340 | . | ‡nlarge print. ‡2rda | |
| 490 | 0 | . | ‡aCrittendon files ; ‡v1 |
| 520 | . | ‡aWhen a stalker targets his family, journalist Jack Crittendon sets out to protect the ones he loves. It leads into a world of secrets and faith gone awry, as does his story on a pastor whose suicide is more than it appears. | |
| 650 | 0. | ‡aJournalists ‡vFiction. ‡0(LARL_NWRL_CONSORTIUM)165759 | |
| 650 | 0. | ‡aStalkers ‡vFiction. ‡0(LARL_NWRL_CONSORTIUM)167363 | |
| 650 | 0. | ‡aLarge type books. ‡0(LARL_NWRL_CONSORTIUM)24284 | |
| 948 | . | ‡hNO HOLDINGS IN LAL - 63 OTHER HOLDINGS | |
| 994 | . | ‡aZ0 ‡bLAL | |
| 901 | . | ‡a173021 ‡bOCLC ‡c173021 ‡tbiblio | |

Add to basket
Permalink
Disable Highlighting